000 00428nam a2200145Ia 4500
008 100204s9999 xx 000 0 und d
082 _b28388
100 _aदेशिंगकर वि. श्री.
245 _aश्राध्दप्रयोग
250 _a0
300 _a145
630 _aश्राध्दप्रयोग
730 _aश्राध्दप्रयोग
942 _cBOOK
999 _c473554
_d473551